书目信息 |
| 题名: |
气象与蔬菜的栽培及病虫害防治
|
|
| 作者: | 潘永地 主编 | |
| 分册: | ||
| 出版信息: | 北京 气象出版社 2007.05 |
|
| 页数: | 12, 331页 | |
| 开本: | 19cm | |
| 丛书名: | 气象为新农村建设服务系列丛书 | |
| 单 册: | ||
| 中图分类: | S162.5 | |
| 科图分类: | ||
| 主题词: | 蔬菜园艺--shu cai yuan yi--气候影响--研究--温州市 | |
| 电子资源: | ||
| ISBN: | 978-7-5029-4278-6 | |
| 000 | 01023nam 2200253 450 | |
| 001 | 012008027102 | |
| 005 | 20080601144500.62 | |
| 010 | @a978-7-5029-4278-6@dCNY20.00 | |
| 100 | @a20080601d2007 em y0chiy0120 ea | |
| 101 | 0 | @achi |
| 102 | @aCN@b110000 | |
| 105 | @ay z 000yy | |
| 106 | @ar | |
| 200 | 1 | @a气象与蔬菜的栽培及病虫害防治@Aqi xiang yu shu cai de zai pei ji bing chong hai fang zhi@f潘永地主编@Fpan yong di zhu bian@Glou li yin,yao yi ping,wu xiang lai bian zhu |
| 210 | @a北京@c气象出版社@d2007.05 | |
| 215 | @a12, 331页@d19cm | |
| 225 | 2 | @a气象为新农村建设服务系列丛书@Aqi xiang wei xin nong cun jian she fu wu xi lie cong shu |
| 330 | @a本书内容由温州市气象局从事农业气象工作和温州市农科院从事蔬菜栽培、植保工作的人员及其他相关人员合作编写完成。 | |
| 410 | 0 | @12001 @a气象为新农村建设服务系列丛书 |
| 606 | 0 | @a蔬菜园艺@Ashu cai yuan yi@x气候影响@x研究@y温州市 |
| 690 | @aS162.5@v4 | |
| 701 | 0 | @a潘永地@Apan yong di@4主编 |
| 801 | 0 | @aCN@bQSSK@c20080601 |
| 905 | @b720900-01@dS162.5@eP260@f2 | |
| 气象与蔬菜的栽培及病虫害防治/潘永地主编.-北京:气象出版社,2007.05 |
| 12, 331页;19cm.-(气象为新农村建设服务系列丛书) |
| ISBN 978-7-5029-4278-6:CNY20.00 |
| 本书内容由温州市气象局从事农业气象工作和温州市农科院从事蔬菜栽培、植保工作的人员及其他相关人员合作编写完成。 |
| ● |
| 相关链接 |
|
|
|
正题名:气象与蔬菜的栽培及病虫害防治
索取号:S162.5/P260
 
预约/预借
| 序号 | 登录号 | 条形码 | 馆藏地/架位号 | 状态 | 备注 |
| 1 | 720900 | 207209000 | 自科库401/401自科库 66排7列2层/ [索取号:S162.5/P260] | 在馆 | |
| 2 | 720901 | 207209019 | 自科库401/401自科库 66排7列2层/ [索取号:S162.5/P260] | 在馆 |